Исследование модифицированных арендиазониевыми солями гидрогелей из альгината; Химия и химическая технология в XXI веке; Т. 1

Détails bibliographiques
Parent link:Химия и химическая технология в XXI веке: материалы XXIV Международной научно-практической конференции студентов и молодых ученых имени выдающихся химиков Л. П. Кулёва и Н. М. Кижнера, посвященной 85-летию со дня рождения профессора А. В. Кравцова, Томск, 15-19 мая 2023 г./ Национальный исследовательский Томский политехнический университет (ТПУ) ; Инженерная школа природных ресурсов ; Инженерная школа новых производственных технологий ; Исследовательская школа химических и биомедицинских технологий ; Инженерная школа ядерных технологий.— , 2023
Т. 1.— 2023.— [С. 529-530]
Auteur principal: Хан Е. А. Елена Алексеевна
Collectivité auteur: Национальный исследовательский Томский политехнический университет Исследовательская школа химических и биомедицинских технологий Лаборатория "Химическая инженерия и молекулярный дизайн"
Autres auteurs: Ди Мартино М. Антонио (научный руководитель)
Résumé:Заглавие с титульного экрана
Langue:russe
Publié: 2023
Collection:Теоретические и прикладные аспекты фармации и биотехнологии
Sujets:
Accès en ligne:http://earchive.tpu.ru/handle/11683/76608
Format: Électronique Chapitre de livre
KOHA link:https://koha.lib.tpu.ru/cgi-bin/koha/opac-detail.pl?biblionumber=635899

MARC

LEADER 00000naa2a2200000 4500
001 635899
005 20250517105616.0
035 |a (RuTPU)RU\TPU\conf\37756 
035 |a RU\TPU\conf\37755 
090 |a 635899 
100 |a 20230621d2023 k y0rusy50 ca 
101 0 |a rus 
102 |a RU 
105 |a y z 101zy 
135 |a drcn ---uucaa 
181 0 |a i  
182 0 |a b 
200 1 |a Исследование модифицированных арендиазониевыми солями гидрогелей из альгината  |f Е. А. Хан  |g науч. рук. М. Ди Мартино 
203 |a Текст  |c электронный 
225 1 |a Теоретические и прикладные аспекты фармации и биотехнологии 
300 |a Заглавие с титульного экрана 
320 |a [Библиогр.: с. 530 (3 назв.)] 
461 1 |0 (RuTPU)RU\TPU\conf\37590  |t Химия и химическая технология в XXI веке  |o материалы XXIV Международной научно-практической конференции студентов и молодых ученых имени выдающихся химиков Л. П. Кулёва и Н. М. Кижнера, посвященной 85-летию со дня рождения профессора А. В. Кравцова, Томск, 15-19 мая 2023 г.  |o в 2 т.  |f Национальный исследовательский Томский политехнический университет (ТПУ) ; Инженерная школа природных ресурсов ; Инженерная школа новых производственных технологий ; Исследовательская школа химических и биомедицинских технологий ; Инженерная школа ядерных технологий  |d 2023 
463 1 |0 (RuTPU)RU\TPU\conf\37591  |t Т. 1  |v [С. 529-530]  |d 2023 
610 1 |a труды учёных ТПУ 
610 1 |a электронный ресурс 
610 1 |a арендиазониевые соли 
610 1 |a гидрогели 
610 1 |a альгинаты 
610 1 |a тканевая инженерия 
610 1 |a модификации 
700 1 |a Хан  |b Е. А.  |c химик-технолог  |c младший научный сотрудник Томского политехнического университета  |f 1997-  |g Елена Алексеевна  |3 (RuTPU)RU\TPU\pers\47218 
702 1 |a Ди Мартино  |b М.  |c химик-органик  |c научный сотрудник Томского политехнического университета  |f 1984-  |g Антонио  |4 727 
712 0 2 |a Национальный исследовательский Томский политехнический университет  |c (2009- )  |b Исследовательская школа химических и биомедицинских технологий  |b Лаборатория "Химическая инженерия и молекулярный дизайн"  |9 26305 
801 2 |a RU  |b 63413507  |c 20230731  |g RCR 
850 |a 63413507 
856 4 |u http://earchive.tpu.ru/handle/11683/76608 
942 |c BK